|
|
|
แสดงรายละเอียดบรรณานุกรม |
|
|
Brief Record
: Get Marc (ISO 2709)
: E-mail record
: |
| LEADER : 00000nam 2200000uu 4500 | |||
| 001 13399129207 | |||
| 003 ULIB | |||
| 008 020711s2568 th a 000 0 tha d | |||
| 020 ^a9786166220582 | |||
| 060 ^aWM412^bพ642ก | |||
| 100 ^aพิชัย อิฏฐสกุล | |||
| 245 ^aการรักษาทางจิตเวชด้วยไฟฟ้า (ELECTROCONVULSIVE THERAPY) | |||
| 250 ^aพิมพ์ครั้งที่ 2 | |||
| 260 ^aกรุงเทพฯ :^bสำนักพิมพ์รามาธิบดี คณะแพทยศาสตร์โรงพยาบาลรามาธิบดี มหาวิทยาลัยมหิดล,^c2568 | |||
| 300 ^a194 หน้า;^b26 ซม. | |||
| 650 ^aจิตเวชศาสตร์^xการรักษาด้วยไฟฟ้า | |||
| 999 ^aประนอม เกษจรัล | |||
| คุณยังไม่ได้ล็อกอิน คุณสามารถมีกิจกรรมร่วมกับเว็บไซต์ได้ แต่ต้องล็อกอินก่อน :: |
|
รายการสื่อสารสนเทศ |
| สถานะ | |||||
| 1. | หนังสือสำรอง สถานะ=หนังสือสำรอง | WM412 พ642ก ฉ.1 Barcode: 012168 | ►หนังสือทั่วไป | บนชั้น | |
| 2. | วิทยาศาสตร์การแพทย์ และสุขภาพ | WM412 พ642ก ฉ.2 Barcode: 012169 | ►หนังสือทั่วไป | บนชั้น | |
| 3. | วิทยาศาสตร์การแพทย์ และสุขภาพ | WM412 พ642ก ฉ.3 Barcode: 012170 | ►หนังสือทั่วไป | บนชั้น | |
| 4. | วิทยาศาสตร์การแพทย์ และสุขภาพ | WM412 พ642ก ฉ.4 Barcode: 012171 | ►หนังสือทั่วไป | บนชั้น | |
| 5. | วิทยาศาสตร์การแพทย์ และสุขภาพ | WM412 พ642ก ฉ.5 Barcode: 012172 | ►หนังสือทั่วไป | บนชั้น | |
BibComment |
| คอมเมนท์ทรัพยากรรายการนี้ |
|
| |
Copyright 2026. Bcnsprnw @Library |
|